La vida de Klim Samguin / (Record no. 75085)

MARC details
000 -LEADER
campo de control de longitud fija 00722nam a2200193 i 4500
001 - NÚMERO DE CONTROL
campo de control 75085
003 - IDENTIFICADOR DE NÚMERO DE CONTROL
campo de control ES-MaACL
005 - FECHA Y HORA DE LA ÚLTIMA TRANSACCIÓN
campo de control 20230906172331.0
007 - CAMPO FIJO DE DESCRIPCIÓN FÍSICA--INFORMACIÓN GENERAL
campo de control de longitud fija t|
008 - DATOS DE LONGITUD FIJA--INFORMACIÓN GENERAL
campo de control de longitud fija 040922s1971 sp ||||1| spa d
100 1# - ENTRADA PRINCIPAL--NOMBRE DE PERSONA
Nombre de persona Gor'kiï, Maksim.
9 (RLIN) 59128
245 13 - MENCIÓN DEL TÍTULO
Título La vida de Klim Samguin /
Mención de responsabilidad, etc. Máximo Gorki (seud.) ; [traducción Yelena G. Volozhanina e Ignacio Romero de Solís].
260 ## - PUBLICACIÓN, DISTRIBUCIÓN, ETC.
Lugar de publicación, distribución, etc. [Madrid] :
Nombre del editor, distribuidor, etc. Fundamentos,
Fecha de publicación, distribución, etc. [1971]
300 ## - DESCRIPCIÓN FÍSICA
Extensión v. ;
Dimensiones 20 cm.
505 8# - NOTA DE CONTENIDO CON FORMATO
Nota de contenido con formato Contiene: V. I: Una infancia provinciana. -- V. II: San Petersburgo. -- V. III: Moscú. -- V. V: Varvara. -- V. VI: 1905
700 1# - ENTRADA AGREGADA--NOMBRE PERSONAL
Nombre de persona Volozhanina, Yelena G.
9 (RLIN) 115710
700 0# - ENTRADA AGREGADA--NOMBRE PERSONAL
Nombre de persona Romero de Solís, Ignacio.
9 (RLIN) 99374
852 ## - LOCALIZACIÓN
Ubicación ES-MaACL
Número de control de estantería P-1845
Sublocalización o colección R.79382
Holdings
Estatus retirado Estado de pérdida Estado de daño No para préstamo Biblioteca de origen Biblioteca actual Ubicación en estantería Fecha de adquisición Fuente de adquisición Total de préstamos Signatura topográfica completa Código de barras Visto por última vez Precio de reemplazo Tipo de ítem Koha
        Biblioteca del Ateneo de Madrid Biblioteca del Ateneo de Madrid Depósito 2 17/01/2008     P-1845 1078591 23/02/2023 23/02/2023 Libro impreso